| 000 | 00917nam a2200253 i 4500 | ||
|---|---|---|---|
| 001 | 127271 | ||
| 003 | ES-MaACL | ||
| 005 | 20230906192959.0 | ||
| 007 | t| | ||
| 008 | 070214s1967 sp r ||||1| spa d | ||
| 080 | _a86-131"15/16"(082.2) | ||
| 080 | _a972"1519/40"(0:86-1) | ||
| 100 | 1 |
_aReynolds, Winston A. _996635 |
|
| 245 | 1 | 0 |
_aRomancero de Hernán Cortés _b: (estudio y textos de los siglos XVI y XVII) / _cWinston A. Reynolds. |
| 260 |
_aMadrid : _bAlcalá, _c1967. |
||
| 300 |
_a98 p., 6 lám. ; _c18 cm. |
||
| 490 | 1 |
_aColección "Aula magna". Serie "Estudios" ; _v12 |
|
| 650 | 4 |
_aRomances- _zEspaña- _yS.XVI. _9148703 |
|
| 650 | 4 |
_aRomances- _zEspaña- _yS.XVII. _9168664 |
|
| 651 | 4 |
_aMéxico- _xHistoria- _y1517-1521, Descubrimiento y conquista- _vPoesías. _9174013 |
|
| 830 | 1 |
_aColección "Aula magna". Serie "Estudios" ; _v12 _9219180 |
|
| 852 | 4 |
_aES-MaACL _jC-32666 |
|
| 999 |
_c127271 _d127271 |
||